000 00376nam a2200157Ia 4500
008 160316s1976 xxu||||| |||| 00| 0 eng d
082 _a334.340000
_bCAS
100 _aCasad Robert C
245 _aRes judicata in a nutshell
250 _a
260 _aS.t Paul, Minn
_bWest Publishing Co.
_c1976
300 _a369p
_b
_cxxi
365 _bGratis
650 _a
700 _a
_a
999 _c7539
_d7539